Machine Elements in Mechanical Design: (Record no. 175273)

MARC details
000 -LEADER
fixed length control field 00792nam a22002177a 4500
005 - DATE AND TIME OF LATEST TRANSACTION
control field 20200819161957.0
010 ## - LCCN (DPL NO)
LC control number ENG-128363
020 ## - INTERNATIONAL STANDARD BOOK NUMBER
Terms of availability 889.00
International Standard Book Number 9789353947637
035 ## - SYSTEM CONTROL NUMBER
System control number EN-111895
037 ## - SOURCE OF ACQUISITION
Source of stock number/acquisition DBAD/PUB
082 ## - DEWEY DECIMAL CLASSIFICATION NUMBER
Classification number 621.815
100 ## - MAIN ENTRY--PERSONAL NAME
Personal name L. Mott, Robert
245 ## - TITLE STATEMENT
Title Machine Elements in Mechanical Design:
Statement of responsibility, etc by Robert L. Mott
Remainder of title Fourth Edition in SI units/
260 ## - PUBLICATION, DISTRIBUTION, ETC. (IMPRINT)
Place of publication, distribution, etc Noida
Name of publisher, distributor, etc Pearson
Date of publication, distribution, etc 2020
270 ## - ADDRESS
Address 15th floor,Tower-B,Word Trade Tower,Plot no.1,Block-C sec 16,
City Noida
Postal code 201301
Telephone number 04466540100
Electronic mail address companysecretary.india@pearson.com
300 ## - PHYSICAL DESCRIPTION
Extent 872+56p.
Dimensions 25cm(pbk)
Other physical details Illustration, Tables
500 ## - GENERAL NOTE
General note Designing Machine elements in context of mechanical design
650 ## - SUBJECT ADDED ENTRY--TOPICAL TERM
Topical term or geographic name as entry element Mechanical design
700 ## - ADDED ENTRY--PERSONAL NAME
Personal name John Tang
942 ## - ADDED ENTRY ELEMENTS (KOHA)
Source of classification or shelving scheme Dewey Decimal Classification
Item type English Books
Classification part 621.815
Call number suffix MOT
Holdings
Withdrawn status Lost status Not for loan Collection code Home library Current library Date acquired Source of acquisition Cost, normal purchase price Full call number Barcode Copy number Cost, replacement price Koha item type
      Non-fiction Ashok Vihar Ashok Vihar 19/08/2020 DBAD/PUB 889.00 621.815 MOT EN-111895 1 889.00 English Books

© Delhi Public Library
Hit Counter
free hit counter